[Event "URS-chT"]
[Site "Azov"]
[Date "1991.??.??"]
[Round "?"]
[White "Kharlov, Andrei"]
[Black "Kovalev, Andrei"]
[Result "1/2-1/2"]
[WhiteElo "2515"]
[BlackElo "2550"]
[PlyCount "43"]
[EventDate "1991.??.??"]
[EventRounds "9"]
[EventCountry "URS"]
[SourceTitle "CBM 025"]
[Source "ChessBase"]
[SourceDate "1991.12.01"]
[SourceVersion "1"]
[SourceVersionDate "1991.12.01"]
[SourceQuality "1"]

1. e4 c5 2. c3 Nf6 3. e5 Nd5 4. d4 cxd4 5. Nf3 Nc6 6. Bc4 Nb6 7. Bb3 d5 8. exd6
Qxd6 9. O-O Be6 10. Bxe6 Qxe6 11. Nxd4 Nxd4 12. cxd4 Qd7 13. Nc3 e6 14. Qg4 h5
15. Qf3 Be7 16. Re1 Rd8 17. Re5 Qxd4 18. Bf4 Nd5 19. Nxd5 Rxd5 20. Rxd5 Qxd5
21. Qxd5 exd5 22. Rd1 1/2-1/2

[Event "URS-chT"]
[Site "Azov"]
[Date "1991.??.??"]
[Round "?"]
[White "Kharlov, Andrei"]
[Black "Loginov, Valery"]
[Result "1/2-1/2"]
[WhiteElo "2515"]
[BlackElo "2540"]
[PlyCount "64"]
[EventDate "1991.??.??"]
[EventRounds "9"]
[EventCountry "URS"]
[SourceTitle "CBM 025"]
[Source "ChessBase"]
[SourceDate "1991.12.01"]
[SourceVersion "1"]
[SourceVersionDate "1991.12.01"]
[SourceQuality "1"]

1. e4 c5 2. c3 d5 3. exd5 Qxd5 4. d4 Nf6 5. Nf3 Bg4 6. Be2 e6 7. O-O Nc6 8. h3
Bh5 9. Be3 cxd4 10. cxd4 Be7 11. Nc3 Qd6 12. g4 Bg6 13. Ne5 O-O 14. f4 Rad8 15.
Nxc6 bxc6 16. Bf3 h6 17. Rc1 Nd5 18. Nxd5 cxd5 19. Qa4 Qb8 20. b3 Bd6 21. Be2
Rc8 22. f5 exf5 23. gxf5 Rce8 24. fxg6 Rxe3 25. gxf7+ Kh8 26. Bg4 Rg3+ 27. Kh1
Rxg4 28. hxg4 Qd8 29. Rc2 Qh4+ 30. Kg1 Qg3+ 31. Rg2 Qe3+ 32. Kh1 Qh3+ 1/2-1/2

[Event "URS-chT"]
[Site "Azov"]
[Date "1991.??.??"]
[Round "?"]
[White "Kharlov, Andrei"]
[Black "Lputian, Smbat"]
[Result "0-1"]
[WhiteElo "2515"]
[BlackElo "2570"]
[PlyCount "82"]
[EventDate "1991.??.??"]
[EventRounds "9"]
[EventCountry "URS"]
[SourceTitle "CBM 025"]
[Source "ChessBase"]
[SourceDate "1991.12.01"]
[SourceVersion "1"]
[SourceVersionDate "1991.12.01"]
[SourceQuality "1"]

1. e4 e6 2. d4 d5 3. Nc3 Bb4 4. Nge2 dxe4 5. a3 Be7 6. Nxe4 Nf6 7. Qd3 O-O 8.
Bf4 Nxe4 9. Qxe4 Nd7 10. O-O-O Nf6 11. Qd3 b6 12. Nc3 Bb7 13. Be2 Bxg2 14. Rhg1
Bb7 15. Be5 g6 16. Qh3 Nd7 17. Bb5 c6 18. Qh6 Nxe5 19. dxe5 Qc7 20. Bc4 Rad8
21. f4 Rxd1+ 22. Rxd1 Rd8 23. Bd3 c5 24. Rg1 c4 25. Be4 Qc5 26. Rg3 Bxe4 27.
Nxe4 Qd4 28. Nc3 Bf8 29. Qh4 Bg7 30. Kb1 Bxe5 31. Rh3 Bg7 32. Qxh7+ Kf8 33. Qh4
Rd5 34. Qg3 Rf5 35. Qg2 Qd8 36. Rf3 Bxc3 37. bxc3 Qd1+ 38. Ka2 Rd5 39. Rf2 Qe1
40. Rf1 Qxc3 41. Rc1 Ra5 0-1

[Event "WchT U26"]
[Site "Maringa"]
[Date "1991.??.??"]
[Round "2"]
[White "Adla, Diego"]
[Black "Kharlov, Andrei"]
[Result "0-1"]
[WhiteElo "2435"]
[BlackElo "2515"]
[PlyCount "78"]
[EventDate "1991.??.??"]
[EventType "team"]
[EventRounds "11"]
[EventCountry "MEX"]
[SourceTitle "EXT 1999"]
[Source "ChessBase"]
[SourceDate "1998.11.10"]
[SourceVersion "1"]
[SourceVersionDate "1998.11.10"]
[SourceQuality "1"]

1. e4 c5 2. Nf3 Nc6 3. d4 cxd4 4. Nxd4 Nf6 5. Nc3 e5 6. Ndb5 d6 7. Nd5 Nxd5 8.
exd5 Nb8 9. c4 Be7 10. Be2 a6 11. Nc3 f5 12. O-O O-O 13. a3 Nd7 14. b4 e4 15.
Kh1 Bf6 16. Qc2 Be5 17. f4 exf3 18. Rxf3 Nf6 19. Bg5 Qe8 20. Raf1 Ng4 21. Rh3
Qg6 22. Bf4 Bxf4 23. Rxf4 Qg5 24. Rff3 Bd7 25. Bd3 h6 26. Nd1 Ne5 27. Rhg3 Qe7
28. Rf4 g5 29. Bf1 Rac8 30. Qd2 Kh8 31. Rd4 b5 32. Rc3 bxc4 33. Ne3 Bb5 34.
Nxc4 Nxc4 35. Bxc4 Rfe8 36. h3 Qe1+ 37. Qxe1 Rxe1+ 38. Kh2 Re4 39. Rxe4 fxe4
0-1

[Event "WchT U26"]
[Site "Maringa"]
[Date "1991.??.??"]
[Round "4"]
[White "Lehtivaara, Risto"]
[Black "Kharlov, Andrei"]
[Result "0-1"]
[WhiteElo "2295"]
[BlackElo "2450"]
[PlyCount "64"]
[EventDate "1991.??.??"]
[EventType "team"]
[EventRounds "11"]
[EventCountry "MEX"]
[SourceTitle "EXT 1998"]
[Source "ChessBase"]
[SourceDate "1997.11.17"]
[SourceVersion "1"]
[SourceVersionDate "1997.11.17"]
[SourceQuality "1"]

1. e4 c5 2. c3 d5 3. exd5 Qxd5 4. d4 Nf6 5. Nf3 Bg4 6. Be2 e6 7. h3 Bh5 8. O-O
Nc6 9. Be3 cxd4 10. Nxd4 Bxe2 11. Qxe2 Bc5 12. Nxc6 Qxc6 13. Bxc5 Qxc5 14. Nd2
Rd8 15. Ne4 Nxe4 16. Qxe4 Qb6 17. Qa4+ Ke7 18. Rad1 g5 19. c4 Qc5 20. b4 Qxc4
21. Rc1 Qd4 22. Rc7+ Rd7 23. Rxd7+ Qxd7 24. Qxa7 Rc8 25. a4 Rc4 26. b5 Qd5 27.
Rb1 g4 28. hxg4 Rxg4 29. g3 Rg5 30. Qe3 Rh5 31. Qa3+ Ke8 32. f3 Qd4+ 0-1

[Event "WchT U26"]
[Site "Maringa"]
[Date "1991.??.??"]
[Round "5"]
[White "Kharlov, Andrei"]
[Black "Hernandez Estevez, Yudania"]
[Result "1-0"]
[WhiteElo "2515"]
[BlackElo "2110"]
[PlyCount "53"]
[EventDate "1991.??.??"]
[EventType "team"]
[EventRounds "11"]
[EventCountry "MEX"]
[SourceTitle "EXT 1999"]
[Source "ChessBase"]
[SourceDate "1998.11.10"]
[SourceVersion "1"]
[SourceVersionDate "1998.11.10"]
[SourceQuality "1"]

1. e4 c5 2. c3 d5 3. exd5 Qxd5 4. d4 e6 5. Na3 Qd8 6. Bf4 Nf6 7. Nb5 Nd5 8.
Bxb8 Rxb8 9. Nxa7 Bd7 10. Nb5 Qh4 11. Qd3 Be7 12. Nf3 Qh6 13. g3 O-O 14. Bg2
Rfc8 15. a4 Ra8 16. O-O Bc6 17. dxc5 Bxc5 18. Ne5 Qf6 19. Nf3 Rd8 20. Qc4 Bf8
21. Qe2 Nb6 22. a5 Nd7 23. Nfd4 Bxg2 24. Kxg2 Nc5 25. b4 e5 26. bxc5 exd4 27.
cxd4 1-0

[Event "WchT U26"]
[Site "Maringa"]
[Date "1991.??.??"]
[Round "6"]
[White "Watanabe, Roberto"]
[Black "Kharlov, Andrei"]
[Result "0-1"]
[WhiteElo "2275"]
[BlackElo "2450"]
[PlyCount "84"]
[EventDate "1991.??.??"]
[EventType "team"]
[EventRounds "11"]
[EventCountry "MEX"]
[SourceTitle "EXT 1998"]
[Source "ChessBase"]
[SourceDate "1997.11.17"]
[SourceVersion "1"]
[SourceVersionDate "1997.11.17"]
[SourceQuality "1"]

1. d4 d5 2. c4 e6 3. Nc3 c6 4. Nf3 dxc4 5. a4 Bb4 6. e3 b5 7. Bd2 a5 8. axb5
Bxc3 9. Bxc3 cxb5 10. b3 Bb7 11. bxc4 b4 12. Bb2 Nf6 13. Bd3 Nbd7 14. O-O O-O
15. Qc2 Qc7 16. e4 e5 17. d5 Rfe8 18. c5 Qxc5 19. Qxc5 Nxc5 20. Bb5 Rec8 21.
Bxe5 Ncxe4 22. d6 Bc6 23. Bxc6 Rxc6 24. Rfd1 Nd7 25. Rd4 f6 26. Bf4 Nc3 27.
Rxb4 Ne2+ 28. Kf1 Nxf4 29. Rxf4 Rxd6 30. Nd4 Nc5 31. Nf5 Rd2 32. Rc4 Nd3 33. f3
Ne5 34. Rc7 Rd7 35. Rxd7 Nxd7 36. Rd1 Nf8 37. Nd6 Rd8 38. Ke2 Ne6 39. g3 a4 40.
Ke3 a3 41. Ke4 Nc5+ 42. Kd5 Nb7 0-1

[Event "Torcy op-A"]
[Site "Torcy"]
[Date "1991.??.??"]
[Round "?"]
[White "Delcroix, R."]
[Black "Kharlov, Andrei"]
[Result "0-1"]
[WhiteElo "2180"]
[BlackElo "2450"]
[PlyCount "48"]
[EventDate "1991.04.??"]
[EventType "swiss"]
[EventRounds "9"]
[EventCountry "FRA"]
[SourceTitle "TD"]
[Source "ChessBase"]
[SourceDate "1994.03.01"]
[SourceVersion "1"]
[SourceVersionDate "1994.03.01"]
[SourceQuality "1"]

1. d4 d5 2. c4 e6 3. Nc3 c6 4. Nf3 dxc4 5. e3 b5 6. a4 Bb4 7. Ne5 Qe7 8. Bd2
Nf6 9. axb5 Bxc3 10. Bxc3 cxb5 11. Ba5 Nfd7 12. b3 Nxe5 13. dxe5 Nc6 14. bxc4
Nxa5 15. Rxa5 bxc4 16. Qd2 Rb8 17. Be2 Rb1+ 18. Bd1 O-O 19. O-O Rd8 20. Qc2 Qb4
21. Rxa7 Qb3 22. Ra8 Rbxd1 23. Rxc8 Rxf1+ 24. Kxf1 Rxc8 0-1

[Event "Torcy op-A"]
[Site "Torcy"]
[Date "1991.??.??"]
[Round "?"]
[White "Kharlov, Andrei"]
[Black "Guedon, St"]
[Result "1-0"]
[WhiteElo "2450"]
[BlackElo "2295"]
[PlyCount "77"]
[EventDate "1991.04.??"]
[EventType "swiss"]
[EventRounds "9"]
[EventCountry "FRA"]
[SourceTitle "TD"]
[Source "ChessBase"]
[SourceDate "1994.03.01"]
[SourceVersion "1"]
[SourceVersionDate "1994.03.01"]
[SourceQuality "1"]

1. e4 e6 2. d4 d5 3. e5 c5 4. c3 Nc6 5. Nf3 Qb6 6. a3 c4 7. Nbd2 f6 8. Be2 fxe5
9. Nxe5 Nf6 10. f4 Bd6 11. Ndf3 O-O 12. O-O Bd7 13. Nxd7 Nxd7 14. g3 Nf6 15.
Kg2 Ne4 16. Bxc4 Nxc3 17. bxc3 dxc4 18. Qe2 Rfe8 19. Qxc4 Rac8 20. Qd3 Na5 21.
Ng5 Qc6+ 22. Rf3 g6 23. Bd2 Nc4 24. a4 Ba3 25. Rb1 b6 26. Ne4 Be7 27. Ra1 Red8
28. Qe2 Rd5 29. Bc1 Ra5 30. Nd2 Kf7 31. Nb3 Rxa4 32. d5 exd5 33. f5 Rxa1 34.
fxg6+ Kxg6 35. Qxe7 Rxc1 36. Qf7+ Kh6 37. Rf6+ Qxf6 38. Qxf6+ Kh5 39. Nxc1 1-0

[Event "Torcy op-A"]
[Site "Torcy"]
[Date "1991.??.??"]
[Round "?"]
[White "Kharlov, Andrei"]
[Black "Kveinys, Aloyzas"]
[Result "1/2-1/2"]
[WhiteElo "2450"]
[BlackElo "2435"]
[PlyCount "21"]
[EventDate "1991.04.??"]
[EventType "swiss"]
[EventRounds "9"]
[EventCountry "FRA"]
[SourceTitle "TD"]
[Source "ChessBase"]
[SourceDate "1994.03.01"]
[SourceVersion "1"]
[SourceVersionDate "1994.03.01"]
[SourceQuality "1"]

1. d4 Nf6 2. Nf3 e6 3. c4 d5 4. cxd5 exd5 5. Nc3 c6 6. Bg5 Be7 7. Qc2 Na6 8. a3
Nc7 9. e3 Ne6 10. Bh4 g6 11. Bd3 1/2-1/2

[Event "Torcy op-A"]
[Site "Torcy"]
[Date "1991.??.??"]
[Round "?"]
[White "Kharlov, Andrei"]
[Black "Roeder, Mathias"]
[Result "1-0"]
[WhiteElo "2450"]
[BlackElo "2430"]
[PlyCount "61"]
[EventDate "1991.04.??"]
[EventType "swiss"]
[EventRounds "9"]
[EventCountry "FRA"]
[SourceTitle "TD"]
[Source "ChessBase"]
[SourceDate "1994.03.01"]
[SourceVersion "1"]
[SourceVersionDate "1994.03.01"]
[SourceQuality "1"]

1. e4 c5 2. c3 d5 3. exd5 Qxd5 4. d4 Nf6 5. Nf3 Nc6 6. Be2 cxd4 7. cxd4 e6 8.
O-O Be7 9. Nc3 Qd6 10. Nb5 Qd8 11. Bf4 Nd5 12. Bg3 O-O 13. Bc4 a6 14. Bxd5 exd5
15. Nc7 Ra7 16. Qb3 Bd6 17. Bxd6 Qxd6 18. Qb6 f6 19. Rac1 Bg4 20. Rc5 Bxf3 21.
gxf3 Qf4 22. Rxc6 bxc6 23. Qxa7 Qxf3 24. Rc1 Qf4 25. Rc3 g6 26. h3 Qd6 27. Qb7
Qe7 28. Qxc6 Qe1+ 29. Kg2 Qe4+ 30. Kh2 Qf4+ 31. Kg1 1-0

[Event "Torcy op-A"]
[Site "Torcy"]
[Date "1991.??.??"]
[Round "?"]
[White "Kosten, Anthony"]
[Black "Kharlov, Andrei"]
[Result "1/2-1/2"]
[WhiteElo "2515"]
[BlackElo "2450"]
[PlyCount "84"]
[EventDate "1991.04.??"]
[EventType "swiss"]
[EventRounds "9"]
[EventCountry "FRA"]
[SourceTitle "TD"]
[Source "ChessBase"]
[SourceDate "1994.03.01"]
[SourceVersion "1"]
[SourceVersionDate "1994.03.01"]
[SourceQuality "1"]

1. e4 c5 2. Nf3 Nc6 3. Nc3 e5 4. Bc4 Be7 5. d3 d6 6. Nd2 Bg5 7. Nf1 Bxc1 8.
Rxc1 Nge7 9. Ne3 O-O 10. O-O Ng6 11. Ne2 Be6 12. c3 Qb6 13. Qd2 Rad8 14. Rfd1
Nge7 15. Bd5 Bxd5 16. exd5 Nb8 17. d4 exd4 18. cxd4 Nd7 19. dxc5 Nxc5 20. b4
Ne4 21. Qd4 Qxd4 22. Rxd4 Nf6 23. Rc7 Rd7 24. Rxd7 Nxd7 25. Re4 Ne5 26. f4 N5g6
27. h4 h5 28. g3 Rc8 29. Kf2 Kf8 30. a3 Ke8 31. Rc4 Rxc4 32. Nxc4 Kd7 33. Nc3
Nf5 34. Kf3 Nge7 35. Ne3 g6 36. Nxf5 Nxf5 37. Ne2 Kc7 38. Nc3 Kb6 39. Ne4 Kb5
40. Ng5 Nh6 41. Ne4 Nf5 42. Ng5 Nh6 1/2-1/2

[Event "Torcy op-A"]
[Site "Torcy"]
[Date "1991.??.??"]
[Round "?"]
[White "Lanka, Zigurds"]
[Black "Kharlov, Andrei"]
[Result "0-1"]
[WhiteElo "2510"]
[BlackElo "2450"]
[PlyCount "104"]
[EventDate "1991.04.??"]
[EventType "swiss"]
[EventRounds "9"]
[EventCountry "FRA"]
[SourceTitle "TD"]
[Source "ChessBase"]
[SourceDate "1994.03.01"]
[SourceVersion "1"]
[SourceVersionDate "1994.03.01"]
[SourceQuality "1"]

1. e4 c5 2. Nf3 Nc6 3. d4 cxd4 4. Nxd4 Nf6 5. Nc3 e5 6. Ndb5 d6 7. Bg5 a6 8.
Na3 Be6 9. Nc4 Rc8 10. Bxf6 gxf6 11. Ne3 Bh6 12. Ncd5 Bxe3 13. Nxe3 Qb6 14. Bd3
Qxb2 15. O-O Qc3 16. a3 Qc5 17. Kh1 h5 18. Qe1 Qa5 19. Qb1 Rc7 20. f4 Ne7 21.
fxe5 fxe5 22. Rf6 Qc5 23. Qe1 h4 24. Qf2 h3 25. g3 d5 26. Rf1 Kd8 27. Qe2 Kc8
28. a4 dxe4 29. Bxe4 Nd5 30. Nxd5 Bxd5 31. R6f2 Kb8 32. Bxd5 Qxd5+ 33. Kg1 Rhc8
34. Qd3 Qd4 35. Qxd4 exd4 36. Rd1 Rxc2 37. Rxc2 Rxc2 38. Rxd4 Rg2+ 39. Kh1 Ra2
40. Kg1 Rg2+ 41. Kh1 Ra2 42. Kg1 a5 43. Rh4 Kc8 44. Rxh3 Rxa4 45. Rh7 b5 46.
Rxf7 b4 47. Rf8+ Kc7 48. Rf7+ Kc6 49. Rf6+ Kc5 50. Rf5+ Kc4 51. Rf4+ Kd3 52.
Rf3+ Ke4 0-1

[Event "Torcy op-A"]
[Site "Torcy"]
[Date "1991.??.??"]
[Round "?"]
[White "Petursson, Margeir"]
[Black "Kharlov, Andrei"]
[Result "0-1"]
[WhiteElo "2515"]
[BlackElo "2450"]
[PlyCount "84"]
[EventDate "1991.04.??"]
[EventType "swiss"]
[EventRounds "9"]
[EventCountry "FRA"]
[SourceTitle "TD"]
[Source "ChessBase"]
[SourceDate "1994.03.01"]
[SourceVersion "1"]
[SourceVersionDate "1994.03.01"]
[SourceQuality "1"]

1. c4 e6 2. g3 d5 3. Bg2 dxc4 4. Na3 Bxa3 5. bxa3 c6 6. a4 e5 7. Bb2 f6 8. Nf3
Ne7 9. O-O O-O 10. Ne1 Be6 11. Nc2 Nd7 12. Ne3 Qa5 13. f4 Nd5 14. Ba3 Nxe3 15.
dxe3 Rfd8 16. Be7 Re8 17. Qd6 Kf7 18. Qb4 Qxb4 19. Bxb4 exf4 20. exf4 Bd5 21.
Bxd5+ cxd5 22. Rad1 Rxe2 23. Rxd5 Nb6 24. Rb5 Rd8 25. Ba5 Rxa2 26. Rfb1 Rd7 27.
f5 Ke8 28. Re1+ Kf7 29. Reb1 Rxa4 30. Bxb6 axb6 31. Rxb6 c3 32. Rxb7 Ra7 33.
Rxa7 Rxa7 34. Rc1 Rc7 35. Kf2 Ke7 36. Ke3 Kd6 37. Kd4 h5 38. Rc2 Rc5 39. h3 Rc6
40. g4 hxg4 41. hxg4 Rc7 42. Ke4 Rc4+ 0-1

[Event "Paris-ch op"]
[Site "Paris"]
[Date "1991.??.??"]
[Round "1"]
[White "Kirszenberg, Marc"]
[Black "Kharlov, Andrei"]
[Result "0-1"]
[WhiteElo "2230"]
[BlackElo "2450"]
[PlyCount "122"]
[EventDate "1991.05.??"]
[EventType "swiss"]
[EventRounds "9"]
[EventCountry "FRA"]
[SourceTitle "TD"]
[Source "ChessBase"]
[SourceDate "1994.03.01"]
[SourceVersion "1"]
[SourceVersionDate "1994.03.01"]
[SourceQuality "1"]

1. d4 d5 2. Nf3 Nf6 3. Bf4 c5 4. c3 Qb6 5. Qb3 Nc6 6. Nbd2 cxd4 7. Qxb6 axb6 8.
Nxd4 Bd7 9. N2f3 Nxd4 10. Nxd4 Rc8 11. h3 Ne4 12. f3 Nc5 13. e3 f6 14. Bg3 e5
15. Nc2 Be6 16. Bb5+ Kf7 17. O-O Bd7 18. Bxd7 Nxd7 19. Rfd1 Ke6 20. Bf2 Nc5 21.
Rd2 Na4 22. Ne1 Be7 23. Rad1 Rhd8 24. Kf1 b5 25. Nd3 Nb6 26. e4 Nc4 27. exd5+
Kf7 28. Re2 Rxd5 29. b3 Na5 30. Nb2 Rxd1+ 31. Nxd1 h5 32. Rd2 Rc6 33. Ke2 Ke6
34. g4 g6 35. Rd3 Ra6 36. Rd2 Nc6 37. Be3 f5 38. Bf2 Ra8 39. Bb6 Nb8 40. Bf2
Nd7 41. Ne3 Bg5 42. Rc2 fxg4 43. fxg4 hxg4 44. hxg4 Nf6 45. Kf3 Rf8 46. Ke2
Bxe3 47. Bxe3 Nxg4 48. c4 Rh8 49. Kf3 Kf5 50. Bg1 Rc8 51. c5 e4+ 52. Kg3 Ne5
53. b4 Ra8 54. Bd4 Ra3+ 55. Kg2 Nd3 56. Bc3 Kf4 57. Kf1 Kf3 58. Be1 g5 59. Rh2
g4 60. Rh8 Nxe1 61. Rf8+ Ke3 0-1

[Event "Paris-ch op"]
[Site "Paris"]
[Date "1991.??.??"]
[Round "2"]
[White "Kharlov, Andrei"]
[Black "Coupet, Pascal"]
[Result "1-0"]
[WhiteElo "2450"]
[BlackElo "2265"]
[PlyCount "91"]
[EventDate "1991.05.??"]
[EventType "swiss"]
[EventRounds "9"]
[EventCountry "FRA"]
[SourceTitle "TD"]
[Source "ChessBase"]
[SourceDate "1994.03.01"]
[SourceVersion "1"]
[SourceVersionDate "1994.03.01"]
[SourceQuality "1"]

1. e4 e6 2. d4 d5 3. e5 c5 4. c3 Nc6 5. Nf3 Qb6 6. a3 c4 7. Nbd2 Na5 8. Be2 Bd7
9. O-O h6 10. Rb1 Ne7 11. Re1 g5 12. Nf1 Nf5 13. g4 Ng7 14. Be3 Be7 15. Ng3
O-O-O 16. Kg2 Rdg8 17. Rh1 Qd8 18. Nd2 Nb3 19. Nxb3 Ba4 20. Qd2 Bxb3 21. Rhf1
h5 22. gxh5 g4 23. Bxg4 Nxh5 24. h3 Ng7 25. Rg1 Nf5 26. Kf1 Nxe3+ 27. fxe3 Qf8
28. Rg2 Qh6 29. e4 Bg5 30. Qe2 Be3 31. Qf3 Bd2 32. Kg1 Bc2 33. Rf1 Be3+ 34. Kh2
Bd3 35. exd5 Bxf1 36. Nxf1 Bf4+ 37. Kg1 Kb8 38. Rf2 Bc1 39. Qg3 Qh7 40. Qg2 Qb1
41. Rxf7 exd5 42. Qxd5 Qxb2 43. e6 Qb6 44. Qe5+ Ka8 45. e7 Bxa3 46. Rh7 1-0

[Event "Paris-ch op"]
[Site "Paris"]
[Date "1991.??.??"]
[Round "3"]
[White "Smirin, Ilia"]
[Black "Kharlov, Andrei"]
[Result "1/2-1/2"]
[WhiteElo "2560"]
[BlackElo "2450"]
[PlyCount "94"]
[EventDate "1991.05.??"]
[EventType "swiss"]
[EventRounds "9"]
[EventCountry "FRA"]
[SourceTitle "TD"]
[Source "ChessBase"]
[SourceDate "1994.03.01"]
[SourceVersion "1"]
[SourceVersionDate "1994.03.01"]
[SourceQuality "1"]

1. e4 c5 2. Nf3 Nc6 3. Bb5 g6 4. c3 Nf6 5. e5 Nd5 6. O-O Nc7 7. a4 a6 8. Bc4
Bg7 9. d4 cxd4 10. cxd4 O-O 11. Nc3 d6 12. exd6 Qxd6 13. d5 Ne5 14. Nxe5 Bxe5
15. Ne4 Qb4 16. Qe2 b5 17. axb5 axb5 18. Rxa8 bxc4 19. Ra7 Nxd5 20. Nc3 Bxc3
21. bxc3 Qxc3 22. Bh6 Re8 23. Ra8 Qd4 24. Rc1 c3 25. Rd1 Qh4 26. Bc1 Nc7 27.
Ra7 Ne6 28. Qb5 Rf8 29. Ra4 Qf6 30. Qc6 Qe5 31. Be3 f6 32. Ra8 Qc7 33. Qxc7
Nxc7 34. Ra7 c2 35. Rc1 Nd5 36. Bh6 Rd8 37. Rxc2 Kf7 38. h4 Be6 39. Bc1 Rc8 40.
Rxc8 Bxc8 41. Ba3 h6 42. f3 g5 43. h5 Bf5 44. Kf2 Bd3 45. Bc5 Bc4 46. g3 Bd3
47. Rd7 Bc4 1/2-1/2

[Event "Paris-ch op"]
[Site "Paris"]
[Date "1991.??.??"]
[Round "4"]
[White "Kharlov, Andrei"]
[Black "Bernard, Christophe"]
[Result "1-0"]
[WhiteElo "2450"]
[BlackElo "2310"]
[PlyCount "125"]
[EventDate "1991.05.??"]
[EventType "swiss"]
[EventRounds "9"]
[EventCountry "FRA"]
[SourceTitle "TD"]
[Source "ChessBase"]
[SourceDate "1994.03.01"]
[SourceVersion "1"]
[SourceVersionDate "1994.03.01"]
[SourceQuality "1"]

1. e4 c5 2. c3 d6 3. d4 Nf6 4. dxc5 Nc6 5. Qc2 dxc5 6. Bf4 e5 7. Bg3 a6 8. Nf3
Bd6 9. Nbd2 b5 10. a4 Rb8 11. Be2 O-O 12. Nf1 Qc7 13. Ne3 Be6 14. O-O h6 15.
Rfd1 Nh5 16. Nd5 Bxd5 17. Rxd5 Nxg3 18. hxg3 Ne7 19. Rd2 c4 20. Rad1 Rfd8 21.
b3 cxb3 22. Qxb3 bxa4 23. Qxa4 a5 24. Bc4 Nc6 25. Ba2 Bf8 26. Rxd8 Rxd8 27.
Rxd8 Nxd8 28. Qe8 Qxc3 29. Qxd8 Qa1+ 30. Kh2 Qxa2 31. Nxe5 Qe2 32. f3 Qa6 33.
Qd5 Qe6 34. Qxa5 Bd6 35. Qd8+ Kh7 36. Nxf7 Bxg3+ 37. Kxg3 Qxf7 38. Qd6 Qb3 39.
Qd2 Qc4 40. e5 Qe6 41. Qd3+ Kg8 42. Qe4 g5 43. f4 gxf4+ 44. Qxf4 Kh7 45. Kh4
Qe7+ 46. Kg4 Kg7 47. Qf5 Qd8 48. Kg3 Qe7 49. e6 Qf6 50. Kg4 h5+ 51. Kf4 Qh4+
52. Kf3 Qh1 53. Qg5+ Kh7 54. Ke2 Qa1 55. Qxh5+ Kg7 56. Qg5+ Kh7 57. e7 Qa2+ 58.
Kf3 Qa8+ 59. Kg3 Qb8+ 60. Kh3 Qc8+ 61. Kh4 Qb8 62. Qf5+ Kg7 63. Qf8+ 1-0

[Event "Paris-ch op"]
[Site "Paris"]
[Date "1991.??.??"]
[Round "5"]
[White "Spraggett, Kevin"]
[Black "Kharlov, Andrei"]
[Result "1-0"]
[WhiteElo "2495"]
[BlackElo "2450"]
[PlyCount "91"]
[EventDate "1991.05.??"]
[EventType "swiss"]
[EventRounds "9"]
[EventCountry "FRA"]
[SourceTitle "TD"]
[Source "ChessBase"]
[SourceDate "1994.03.01"]
[SourceVersion "1"]
[SourceVersionDate "1994.03.01"]
[SourceQuality "1"]

1. g3 d5 2. Bg2 c6 3. d3 e5 4. Nf3 Nd7 5. O-O Ngf6 6. Nc3 Bc5 7. Nd2 O-O 8. e4
dxe4 9. Ndxe4 Be7 10. Re1 Nxe4 11. Nxe4 f5 12. Nd2 Qc7 13. a4 Bf6 14. Rb1 Nc5
15. b3 Ne6 16. Bb2 c5 17. Nc4 Nd4 18. c3 Nc6 19. b4 Be6 20. bxc5 Bxc4 21. dxc4
Rad8 22. Bd5+ Kh8 23. Bc1 e4 24. Bf4 Ne5 25. Rxb7 Qxc5 26. Bxe5 Bxe5 27. Qb3
Qa5 28. Qb4 Bxc3 29. Qxa5 Bxa5 30. Reb1 Bb6 31. R7xb6 axb6 32. Rxb6 f4 33. gxf4
Rxf4 34. a5 Rdf8 35. Rb2 R4f6 36. Bxe4 Ra6 37. Rb5 Rc8 38. c5 Rf8 39. Bb7 Re6
40. Kf1 Re3 41. c6 Rc3 42. Rb2 Rf5 43. a6 Ra5 44. Ke2 g6 45. Kd2 Rcc5 46. Rc2
1-0

[Event "Paris-ch op"]
[Site "Paris"]
[Date "1991.??.??"]
[Round "6"]
[White "Kharlov, Andrei"]
[Black "Gouret, Thierry"]
[Result "1/2-1/2"]
[WhiteElo "2450"]
[BlackElo "2205"]
[PlyCount "94"]
[EventDate "1991.05.??"]
[EventType "swiss"]
[EventRounds "9"]
[EventCountry "FRA"]
[SourceTitle "TD"]
[Source "ChessBase"]
[SourceDate "1994.03.01"]
[SourceVersion "1"]
[SourceVersionDate "1994.03.01"]
[SourceQuality "1"]

1. e4 d5 2. exd5 Nf6 3. c4 c6 4. Nc3 cxd5 5. d4 Nc6 6. Nf3 e6 7. cxd5 Nxd5 8.
Bd3 Be7 9. O-O O-O 10. Re1 Nf6 11. a3 b6 12. Bg5 Bb7 13. Bc2 Rc8 14. Qd3 g6 15.
Bh6 Re8 16. Rad1 Nd5 17. h4 Nxc3 18. bxc3 Bxa3 19. h5 Qd5 20. hxg6 hxg6 21. c4
Qh5 22. Qxa3 Qxh6 23. d5 exd5 24. Rxe8+ Rxe8 25. cxd5 Na5 26. d6 Rd8 27. Rd4
Bxf3 28. Qxf3 Qc1+ 29. Kh2 Qh6+ 30. Kg3 Qg5+ 31. Kh3 Qe5 32. Rh4 Qxd6 33. Qc3
Kf8 34. Rh7 Qe6+ 35. g4 Qd5 36. f3 Ke7 37. Bxg6 Rf8 38. Rh5 Qd1 39. Qc7+ Ke6
40. Re5+ Kf6 41. Qe7+ Kg7 42. Rf5 Qh1+ 43. Kg3 Qg1+ 44. Kh3 Qh1+ 45. Kg3 Qg1+
46. Kh3 Qh1+ 47. Kg3 Qg1+ 1/2-1/2

[Event "Paris-ch op"]
[Site "Paris"]
[Date "1991.??.??"]
[Round "7"]
[White "Chevallier, Didier"]
[Black "Kharlov, Andrei"]
[Result "0-1"]
[WhiteElo "2260"]
[BlackElo "2450"]
[PlyCount "132"]
[EventDate "1991.05.??"]
[EventType "swiss"]
[EventRounds "9"]
[EventCountry "FRA"]
[SourceTitle "TD"]
[Source "ChessBase"]
[SourceDate "1994.03.01"]
[SourceVersion "1"]
[SourceVersionDate "1994.03.01"]
[SourceQuality "1"]

1. d4 d5 2. Nf3 Nf6 3. c4 e6 4. cxd5 exd5 5. Bg5 c6 6. Nc3 h6 7. Bf4 Bf5 8. e3
Qb6 9. Qb3 Na6 10. Qxb6 axb6 11. Be2 Nb4 12. O-O Nd3 13. Bc7 Nxb2 14. Bxb6 Bb4
15. Rfc1 Nd7 16. Bc7 Nd3 17. Bxd3 Bxd3 18. a3 Ba5 19. Nxd5 O-O 20. Bxa5 Rxa5
21. Nb4 Bg6 22. Nd2 Rfa8 23. Nc4 Ra4 24. h3 f6 25. Kh2 R8a7 26. Kg3 Nf8 27. Kh2
Nd7 28. Kg3 Kf8 29. f3 Bf7 30. Nd6 Rxa3 31. Rxa3 Rxa3 32. Rb1 c5 33. dxc5 Nxc5
34. Nxf7 Kxf7 35. Nd5 Rd3 36. Nb6 Rxe3 37. Rc1 Re6 38. Nc4 Ke7 39. f4 Kd7 40.
f5 Rc6 41. Rd1+ Kc7 42. Kh4 Nd7 43. Na5 Rb6 44. Rc1+ Kb8 45. g4 Rb5 46. Nc4 Rc5
47. Rd1 Rxc4 48. Rxd7 Rc7 49. Rd5 Ka7 50. Kh5 Ka6 51. Kg6 b5 52. h4 b4 53. h5
Rb7 54. g5 fxg5 55. f6 gxf6 56. Kxh6 b3 57. Rd1 b2 58. Rb1 Ka5 59. Kg6 Ka4 60.
Kxf6 g4 61. Kf5 g3 62. Kf4 g2 63. Kf3 Rg7 64. Rg1 Ka3 65. Kf4 Ka2 66. h6 Rh7
0-1